| 000 | 01079cam a2200325 a 4500 | ||
|---|---|---|---|
| 001 | 3963617 | ||
| 003 | OSt | ||
| 005 | 20240221100433.0 | ||
| 008 | 941221s1995 paua e 001 0 eng d | ||
| 010 | _a 94074910 | ||
| 020 | _a1561385263 | ||
| 020 | _a9781844486212 | ||
| 035 | _a(OCoLC)33338035 | ||
| 040 |
_aOAdN _cOAdN _dDLC |
||
| 042 | _alccopycat | ||
| 050 | 0 | 0 |
_aTT212 _b.M39 1995 |
| 082 | 0 | 0 |
_a739.27028 _220 _bMCG |
| 100 | 1 |
_aMcGrath, Jinks. _9120957 |
|
| 245 | 1 | 4 |
_aThe encyclopedia of jewelry-making techniques / _cJinks McGrath. |
| 260 |
_aPhiladelphia : _bRunning Press, _c2010. |
||
| 300 |
_a176 p. : _bcol. ill. ; _c23 cm. |
||
| 500 | _a"A Quarto book"--T.p. verso. | ||
| 500 | _aIncludes index. | ||
| 650 | 0 |
_aJewelry making _xEncyclopedias. _9120958 |
|
| 906 |
_a7 _bcbc _ccopycat _d2 _eopcn _f19 _gy-gencatlg |
||
| 942 |
_2ddc _cBK _aSADA _k739.27028 MCG 2010 |
||
| 999 |
_c607954 _d607954 |
||